000 01937nam a2200253Ia 4500
003 OSt
005 20210728183938.0
008 210310s2002 ck aod gr 000 0 spa d
020 _a9589487211
040 _aCO-JMCR
_cCO-JMCR
041 0 _aspa
082 0 4 _a333.709861 /
_bS669v
_223
100 1 _aSánchez T., Angela,
_915902
_einvestigadora
245 1 4 _aLas voces del SINA :
_breportaje al Sistema Nacional Ambiental SINA /
_cinvestigación, redacción, edición y coordinación editorial Angela Sánchez T.
250 _aPrimera edición
260 _aBogotá :
_bMinisterio del Medio Ambiente :
_bCorporación Autónoma Regional del Valle del Cauca,
_c2002
300 _b233 páginas :
_ailustraciones, fotografías y graficas a color y a blanco y negro ;
_c28 cm.
500 _aIncluye notas a pie de página.
504 _aBibliografía: páginas 231-233
505 0 _aLa historia del Sina -- La prehistoria del Sina -- Antecedentes de las instituciones ambientales en Colombia -- La Ley 99 de 1993: Nace el Sina -- Los actores del Sina -- Actores institucionales -- Actores sociales -- Consejo Nacional Ambiental -- Instrumentos del Sina -- Instrumentos normativos del Sina -- Instrumentos de planeación ambiental el Colombia -- Instrumentos económicos y su aplicación en la gestión ambiental colombiana -- La inversión pública ambiental -- Mecanismos de participación en la gestión ambiental: un reto para el nuevo milenio -- Experiencias de construcción del Sina -- El proyecto colectivo ambiental: Un aporte a la dinamización del Sina -- Los casos de "somos Sina" -- Otras experiencias de articulación del Sina -- Retos y perspectivas del Sina -- Contexto y precedentes -- Las precepciones de los actores -- Prioridades: fortalecer la planeación y hacer efectiva la participación
650 1 4 _aPolítica ambiental
_915904
_zColombia
650 2 4 _aGestión ambiental
_zColombia
_938862
942 _2ddc
_cBK
999 _c7949
_d7949